000 00947cab a2200253 4500
001 ABS48057
008 090401t1993 xxu||||| |||| 00| 0 eng d
035 _a(Sirsi) u64704
041 _aeng
100 _aTalyor, S.
245 _aPlanning maintenance by computer
260 _c1993
350 _a0
490 _aCS Monthly
_bthe Building Surveyor
_v2(6) March 1993, 10-11(2)
520 _aDrawing on the experience of Building Surveying Associates, shows why and how the firm devised its own computer system for building maintenance. The need for clearly defined objectives, careful planning and detailed functional specifications is stressed.
650 _aRefurbishment
_96264
650 _aRefurbishment
_96264
650 _aPLANNED MAINTENANCE
650 _aSOFTWARE PACKAGES
690 _aCOMMERCIAL PROPERTY-MANAGEMENT
690 _aMANAGEMENT-BUSINESS MANAGEMENT-INFORMATION MANAGEMENT
942 _n0
948 _c04/03/1997
999 _c40312
_d40312